000 00563nam a2200181Ia 4500
008 090124s9999 xx 000 0 und d
082 _b111939
100 _aआपटे श्री.स.
245 _a ट्रान्झिस्टर रेडीओ
250 _a1
260 _c1967
300 _a70
600 _aआपटे श्री.स.
630 _a ट्रान्झिस्टर रेडीओ
700 _aआपटे श्री.स.
730 _a ट्रान्झिस्टर रेडीओ
942 _cBOOK
999 _c158030
_d158030